Statistics for Countries with BAN or CAN

Click here to take the quiz!

General Stats

  • This quiz has been taken 34 times
  • The average score is 4 of 7

Answer Stats

BAN% Correct
Canada
97%
Bangladesh
94%
Dominican Republic
55%
Albania
52%
Central African Republic
42%
Vatican City
32%
Lebanon
29%

Score Distribution

Percentile by Number Answered

Percent of People with Each Score

Your Score History

You have not taken this quiz